000 00681cam a2200241 4500
008 090401t1998 xxu||||| |||| 00| 0 eng d
020 _a1860812651
035 _a(Sirsi) u91930
041 _aeng
050 _a690
110 _aBuilding Research Establishment
245 _aMedium density fibreboard.
260 _aLondon
_bConstruction Research Communications Ltd
_c1998
300 _a8p. : ill. ; 30cm.
350 _a0
490 _aBRE Digest
_v435
520 _aReplaced by BRE Digest 447 part 5. (ISBN1860816827)
650 _aMDF
650 _aMEDIUM DENSITY FIBREBOARD
690 _aBUILT ENVIRONMENT-BUILDING MATERIALS
942 _n0
948 _c10/03/1999
999 _c97692
_d97692